MLA handbook for writers of research papers (Record no. 41675)

MARC details
000 -LEADER
fixed length control field 00399nam a2200169Ia 4500
020 ## - INTERNATIONAL STANDARD BOOK NUMBER
ISBN 0873529758
050 ## - CALL MARK
Classification number LB 2369. G53/
100 ## - STATEMENT OF RESPONSIBILITY--MAIN AUTHOR NAME
Personal name Gibaldi, Joseph
245 #0 - TITLE STATEMENT
Title MLA handbook for writers of research papers
250 ## - EDITION / VOLUME STATEMENT
Edition / Volume statement 5th ed.
260 ## - PUBLICATION, DISTRIBUTION, ETC. (IMPRINT)
Name of publisher MLA books
260 ## - PUBLICATION, DISTRIBUTION, ETC. (IMPRINT)
Year of publication 1999
300 ## - PHYSICAL DESCRIPTION
Number of Pages 332 p
942 ## - ADDED ENTRY ELEMENTS (KOHA)
Koha item type Books
Holdings
Withdrawn status Lost status Source of classification or shelving scheme Damaged status Not for loan Permanent Location Current Location Shelving location Date acquired Accession Number Price effective from Koha item type
    Library of Congress Classification     NILE UNIVERSITY OF NIGERIA - MAIN LIBRARY NILE UNIVERSITY OF NIGERIA - MAIN LIBRARY Items on shelf 06/03/2025 0004958 06/03/2025 Books